The Vampire Diaries Season 1 Trivia Quiz - Statistics

General Stats
  • This quiz has been taken 5,625 times
  • The average score is 4 of 15
Answer Stats
Hint Answer % Correct
Who end's up finding Vicki's dead corpse? Caroline
93%
What's inside the necklace that Stefan gives Elena in the episode "Friday Night Bites?" Vervain
80%
Who is Stefan's best friend? Lexi
65%
Who ultimatley killed Vicki? Elena
57%
Who gets crowned "Miss Mystic Falls?" Caroline Forbes
34%
Where do Elena and Damon go to on their first trip together? Georgia
31%
What was the name of the first history teacher? Mr. Tanner
21%
Before the death of Elena and Jeremy's parents, what was Jeremy's favorite thing to do? Drawing
19%
What was the name of Stefan and Damon's so called "uncle?" Zach Salvatore
13%
What is the name of Matt's estranged mother? Kelly Donovan
9%
How many years does Mystic Falls celebrate in the episode "Founder's Day?" 150 Years
5%
How did Isobel and Alaric know each other? They were engaged
3%
Whose parent was killed in the season 1 finale? Tyler Lockwood's father
1%
What is the process of becoming a vampire? Drink vampire blood, die, and feed on human blood.
0%
Name the list of powers that vampire's have. Speed, Superhearing, Compulsion, Healing, and Strength
0%
No matching quizzes found
Score Distribution
Percent of People with Each Score
Percentile by Number Answered
Your Score History
You have not taken this quiz